Schaum's outline of theory and problems of engineering mechanics : (Record no. 544926)

000 -LEADER
fixed length control field 01188cam a2200253 a 4500
020 ## - INTERNATIONAL STANDARD BOOK NUMBER
International Standard Book Number 0070448221 (pbk.)
082 00 - DEWEY DECIMAL CLASSIFICATION NUMBER
Classification number 620.1
Author Mark MCL
-- L-5 P-35
100 1# - MAIN ENTRY--PERSONAL NAME
Personal name McLean, W. G.
9 (RLIN) 40674
245 10 - TITLE STATEMENT
Title Schaum's outline of theory and problems of engineering mechanics :
Remainder of title statics and dynamics /
Statement of responsibility, etc. by W.G. McLean and E.W. Nelson.
250 ## - EDITION STATEMENT
Edition statement 4th ed.
260 ## - PUBLICATION, DISTRIBUTION, ETC.
Place of publication, distribution, etc. New York :
Name of publisher, distributor, etc. McGraw-Hill,
Date of publication, distribution, etc. c1952.
300 ## - PHYSICAL DESCRIPTION
Extent 296 p. :
Other physical details ill. ;
Dimensions 28 cm.
500 ## - GENERAL NOTE
General note "The best student aid available for excelling on tests and improving grades: 538 solved problems with completely worked-out solutions; hundreds of supplementary problems; usable with all major textbooks; provides comprehensive drill in problem solving; covers theory"--Cover.
500 ## - GENERAL NOTE
General note Cover title: Theory and problems of engineering mechanics.
500 ## - GENERAL NOTE
General note Includes index.
500 ## - GENERAL NOTE
General note Spine title: Engineering mechanics.
526 ## - STUDY PROGRAM INFORMATION NOTE
Program name 0
Interest level 0
Reading level 0
Title point value 620_100000000000000_MCL
650 #0 - SUBJECT ADDED ENTRY--TOPICAL TERM
Topical term or geographic name entry element MCE
9 (RLIN) 379
650 #0 - SUBJECT ADDED ENTRY--TOPICAL TERM
Topical term or geographic name entry element Mechanics, Applied.
9 (RLIN) 13090
700 1# - ADDED ENTRY--PERSONAL NAME
Personal name Nelson, E. W.
9 (RLIN) 40675
856 41 - ELECTRONIC LOCATION AND ACCESS
Uniform Resource Identifier <a href="http://www.loc.gov/catdir/toc/mh021/87023164.html">http://www.loc.gov/catdir/toc/mh021/87023164.html</a>
856 42 - ELECTRONIC LOCATION AND ACCESS
Uniform Resource Identifier <a href="http://www.loc.gov/catdir/description/mh021/87023164.html">http://www.loc.gov/catdir/description/mh021/87023164.html</a>
942 ## - ADDED ENTRY ELEMENTS (KOHA)
Source of classification or shelving scheme
Koha item type Book
Holdings
Withdrawn status Lost status Source of classification or shelving scheme Damaged status Not for loan Permanent Location Current Location Date acquired Total Checkouts Full call number Barcode Date last seen Price effective from Koha item type
          Military College of Engineering (MCE) Military College of Engineering (MCE) 05/14/2014   620.1 MCL MCE-909 05/14/2014 05/14/2014 Book
© 2023 Central Library, National University of Sciences and Technology. All Rights Reserved.